La fuerza de la gacela / (Registro nro. 12084)

Detalles MARC
000 -LIDER
fixed length control field 00864nam a22003137a 4500
001 - NÚMERO DE CONTROL
Identificador de número de control 339154
003 - IDENTIFICACDOR DE NÚMERO DE CONTROL
control field DO-SdBNP
005 - DATE AND TIME OF LATEST TRANSACTION
control field 20180212102100.0
007 - CAMPOS FIJOS DE DESCRIPCIÓN FÍSICA
fixed length control field 339154
008 - ELEMENTOS DE LONGITUD FIJA
fixed length control field 921216s2006 sp | |||| ||spa d
016 7# - NO. DE CONTROL DE LA AGENCIA BIB. NACIONAL
Record control number
Canceled/invalid record control number
Source BPMSU
017 ## - NÚMERO DE REGISTRO DE DERECHOS DE AUTOR
Copyright or legal deposit number
Assigning agency
020 ## - ISBN
International Standard Book Number 8434820404
035 ## - NÚMERO LOCAL
System control number (OCoLC)434041710
040 ## - FUENTE DE CATALOGACIÓN
Agencia que crea de manera original el registro SpMaBN
Idioma de catalogación spa
Agencia que realiza la transcripción CEN
080 #4 - NÚMERO DE CLASIFICACIÓN DECIMAL UNIVERSAL
Universal Decimal Classification number 087.5
100 1# - ASIENTO PRINCIPAL -- NOMBRE PERSONAL
Nombre personal Vázquez-Vigo, Carmen
245 13 - MENCIÓN DE TITULO
Título La fuerza de la gacela /
Mención de responsabilidad Carmen Vázquez-Vigo ; ilustraciones de Jesús Gabán
250 ## - MENCIÓN DE EDICION
Mención de edición 25 ed.
260 ## - PUBLICACIÓN, DISTRIBUCIÓN, ETC. (PIE DE IMPRENTA)
Lugar de publicación, distribución, etc Madrid :
Nombre del editor, distribuidor, etc. SM,
Fecha de publicación, distribución, etc 1992.
300 ## - DESCRIPCIÓN FÍSICA
Extensión 60 p.;
Otros detalles físicos il. :
Dimensiones 20 cm.
490 ## - MENCIÓN DE SERIES
Mención de serie El barco de vapor
Volume/sequential designation 14
586 ## - AWARDS NOTE
Awards note Premio Lazarillo 1993
700 1# - ASIENTO SECUNDARIO -- NOMBRE PERSONAL
Nombre personal Gabán, Jesús
Fechas asociadas con el nombre 1957-
Mención de responsabilidad il.
830 ## - ASIENTO SECUNDARIO DE SERIE--TÍTULO UNIFORME
Título uniforme El barco de vapor
Volume number/sequential designation 14
942 ## - ADDED ENTRY ELEMENTS (KOHA)
Source of classification or shelving scheme Dewey Decimal Classification
Koha item type Libros
945 ## - INFORMACIÓN DE PROCESAMIENTO LOCAL
Información de procesamiento local Inventariado, 2018/ YL
956 ## - LOCAL ELECTRONIC LOCATION AND ACCESS (OCLC)
Nombre de host dgarcia
Método de acceso 10
Materiales especificados 20151124
Enlace BPMSU
Campo enlazado y núm. de secuencia 00151
Existencias
Withdrawn status Lost status Source of classification or shelving scheme Damaged status Not for loan Collection code Home library Current library Date acquired Source of acquisition Total Checkouts Barcode Date last seen Price effective from Koha item type
    Dewey Decimal Classification     Colección Infantil General Biblioteca Pública Metropolitana Salomé Ureña Biblioteca Pública Metropolitana Salomé Ureña 11/24/2016 Donado   BPMSU16111535 11/24/2016 11/24/2016 Libros